Porovnanie výkazu vybraných údajov a účtovnej závierky veľkých účtovných jednotiek v SR

Účtovná závierka v podmienkach SR. Veľkostné kritériá účtovných jednotiek. Relevantnosť údajov z účtovnej závierky veľkých účtovných jednotiek vs. údaje z výkazu vybraných údajov.

Na minha lista:
Detalhes bibliográficos
Autor principal: Parajka, Branislav, 1981-
Formato: Capítulo de Livro
Idioma:eslovaco
Assuntos:
Tags: Adicionar Tag
Sem tags, seja o primeiro a adicionar uma tag!

MARC

LEADER 00000naa a2200000 4500
001 0250897
005 20240502074025.2
041 0 |a slo 
044 |a SK 
245 1 0 |a Porovnanie výkazu vybraných údajov a účtovnej závierky veľkých účtovných jednotiek v SR  |c Branislav Parajka 
520 |a Účtovná závierka v podmienkach SR. Veľkostné kritériá účtovných jednotiek. Relevantnosť údajov z účtovnej závierky veľkých účtovných jednotiek vs. údaje z výkazu vybraných údajov. 
610 2 0 |a jednotka účtovná 
610 2 0 |a závierka účtovná 
610 2 0 |a výkazy účtovné 
610 2 0 |a informácie účtovné 
100 1 |a Parajka, Branislav, 1981-